000
00350nam a2200157Ia 4500
003
OSt
005
20240129160404.0
008
170524s9999 xx 000 0 und d
020
_a
978-0230330498
040
_c
IIMT UNIVERSITY
100
_a
PATTANAYAK.B
100
_c
2010
245
0
_a
HUMAN RESOURCE MANAGEMENT
260
_a
PHI
942
_2
ddc
_c
01
999
_c
2441
_d
2441